Vplyv inflácie na životné poistenie a odložený dôchodok

Tento článok sa bude venovať vplyvu inflácie na životné prostredie. Po základných informáciách budeme sledovať vplyv inflácie na odložený doživotný dôchodok, ktorý sa stáva finančným nástrojom podpory poistenej osoby popri starobnom dôchodku.

Guardado en:
Detalles Bibliográficos
Autor principal: Krčová, Ingrid, 1969-
Otros Autores: Sakálová, Katarína, 1955-
Formato: Capítulo de libro
Lenguaje:eslovaco
Materias:
Etiquetas: Agregar Etiqueta
Sin Etiquetas, Sea el primero en etiquetar este registro!

MARC

LEADER 00000naa$a2200000$$$4500
001 0297750
005 20240502084002.6
041 0 |a slo 
044 |a CZ 
245 1 0 |a Vplyv inflácie na životné poistenie a odložený dôchodok  |c Ingrid Krčová, Katarína Sakálová 
520 |a Tento článok sa bude venovať vplyvu inflácie na životné prostredie. Po základných informáciách budeme sledovať vplyv inflácie na odložený doživotný dôchodok, ktorý sa stáva finančným nástrojom podpory poistenej osoby popri starobnom dôchodku. 
610 2 0 |a inflácia 
610 2 0 |a poistenie 
610 2 0 |a dôchodok čistý 
610 2 0 |a úroveň životná 
610 2 0 |a trh finančný 
610 2 0 |a trh poistný 
100 1 |a Krčová, Ingrid, 1969- 
700 1 |a Sakálová, Katarína, 1955-